LIBRARY & INFORMATION CENTRE, KCAET, TAVANUR

ONLINE PUBLIC ACCESS CATALOGUE (OPAC)

Essays on the welface state (Record no. 1737)

MARC details
000 -LEADER
fixed length control field 00426cam a2200181ua 4500
041 ## - LANGUAGE CODE
Language code of text/sound track or separate title eng
082 ## - DEWEY DECIMAL CLASSIFICATION NUMBER
Classification number 330.126
Item number TIT/ES
100 ## - MAIN ENTRY--AUTHOR NAME
Personal name Titmuss, Richard M .
245 ## - TITLE STATEMENT
Title Essays on the welface state
250 ## - EDITION STATEMENT
Edition statement 2 /
260 ## - PUBLICATION, DISTRIBUTION, ETC. (IMPRINT)
Place of publication :
Name of publisher Unwin University press ,
Year of publication 1963.
300 ## - PHYSICAL DESCRIPTION
Number of Pages 262 :
Other physical details ` ; .
942 ## - ADDED ENTRY ELEMENTS (KOHA)
Koha item type Books
Holdings
Withdrawn status Lost status Damaged status Home library Current library Date acquired Full call number Accession Number Koha item type
Withdrawn     KAUAET Sanskrit University 07/04/2012 330.126 4035 Books
free website counter